000
00321 a2200157 4500
001
174196
020
_a
040
_c
Magnum
100
_a
Melo, Ana Lucia G. de
240
1
0
_a
Viagem de natal
_l
por
245
1
0
_a
Viagem de natal
362
0
_a
1899
440
1
_a
Mazza Edições
697
_a
IJ/GERAL
942
_c
BK
999
_c
174196
_d
174196